000 01187nam a22002897a 4500
005 2011011905455.0
008 110119t xxu||||| |||| 00| 0 eng d
010 _aENG-101915
020 _a9780071068093
_c695.00
020 _a0071068090
_c695.00
035 _aEN-85448
037 _bDBAD/PUB
040 _adpl
_bEng
082 0 0 _a005.43
_222
100 1 _aSchmidt, Robert
_d1969-
_925398
245 1 0 _aVCP VMware certified professional vSphere 4 :
_bstudy guide (Exam VCP410) /
_cby Robert Schmidt
260 _aNew Delhi
_bTata McGraw Hill
_cc2010
270 _a7 West Patel Nagar
_bNew Delhi
_e110008
300 _axxxi, 383 p. :
_bill.
_c24 cm (pbk)
_e1 CD-ROM
500 _aIncludes index.
630 0 0 _aVMware.
_925399
650 0 _aElectronic data processing personnel
_xCertification.
_925400
650 0 _aVirtual computer systems
_xExaminations
_vStudy guides.
_925401
942 _2ddc
_cEN
_h005.43
_mSCH
999 _c49963
_d49963